Central Library OPAC University of Rajshahi

The discovery of time / (Record no. 6787)

MARC details
000 -LEADER
fixed length control field 00816cam a22002771 4500
001 - CONTROL NUMBER
control field 6787
003 - CONTROL NUMBER IDENTIFIER
rucl marc code BD-RjUL
005 - DATE AND TIME OF LATEST TRANSACTION
control field 20211208234319.0
008 - FIXED-LENGTH DATA ELEMENTS--GENERAL INFORMATION
fixed length control field 140112r19671965nyu 001 0 eng
035 ## - SYSTEM CONTROL NUMBER
System control number (BD-RjUL)6829
040 ## - CATALOGING SOURCE
Original cataloging agency DLC
Transcribing agency DLC
Modifying agency DLC
-- BD-RjUL
Language of cataloging eng
041 ## - LANGUAGE CODE
Language code of text/sound track or separate title eng
082 00 - DEWEY DECIMAL CLASSIFICATION NUMBER
Classification number 115
Edition number 21
Author mark and year TOD 1967
100 1# - MAIN ENTRY--PERSONAL NAME
Personal name Toulmin, Stephen,
Dates associated with a name 1922-2009.
9 (RLIN) 3792
245 14 - TITLE STATEMENT
Title The discovery of time /
Statement of responsibility, etc. Stephen Toulmin [and] June Goodfield.
260 ## - PUBLICATION, DISTRIBUTION, ETC. (IMPRINT)
Place of publication, distribution, etc. New York :
Name of publisher, distributor, etc. Harper & Row ,
Date of publication, distribution, etc. c1965 [ 2nd. imp.1967]
300 ## - PHYSICAL DESCRIPTION
Pagination 280 p. ;
Size 21 cm.
490 0# - SERIES STATEMENT
Series statement The Ancestry of science
504 ## - BIBLIOGRAPHY, ETC. NOTE
Bibliography, etc Includes index.
650 #0 - SUBJECT ADDED ENTRY--TOPICAL TERM
Topical term or geographic name as entry element Time.
9 (RLIN) 21339
Topical term or geographic name as entry element Cosmology
General subdivision History.
9 (RLIN) 21340
700 1# - ADDED ENTRY--PERSONAL NAME
Personal name Goodfield, June,
Dates associated with a name 1927-
Relator term joint author.
942 ## - ADDED ENTRY ELEMENTS (KOHA)
Source of classification or shelving scheme Dewey Decimal Classification
Koha item type Books
Holdings
Lost status Source of classification or shelving scheme Damaged status Not for loan Collection code Permanent Location Current Location Shelving location Date acquired Source of acquisition Cost, normal purchase price Total Checkouts Full call number Date last seen Copy number Koha item type
  Dewey Decimal Classification   Not For Loan Non-fiction Central Library, University of Rajshahi Central Library, University of Rajshahi   12/11/1973 Rajshahi, Mitain Pro. 55.75   115 TOD 1967 12/01/2014 C-1 Books